| 000 | 01718nam2a22002531 4500 | ||
|---|---|---|---|
| 001 | rc\3400411 | ||
| 005 | 20250609230657.0 | ||
| 035 | _a(NLR Aleph) 007544680 | ||
| 090 |
_a9784310 _c9784310 |
||
| 100 | _a20130115d1974 |||y0rusy50 ca | ||
| 101 | 0 | _arus | |
| 102 | _aRU | ||
| 105 | _ay z ||||| | ||
| 200 | 0 |
_a... за 1972-1974 (1 полугодие) гг. _f[Сост.: ред. Муханова Р.Т.] |
|
| 210 |
_d1974 _aБ. м. |
||
| 215 | _a[2], 154 с. | ||
| 225 | 1 |
_aВсесоюзное общество "Знание". Отдел научно-технической информации и библиографии. Центральная политехническая библиотека. Библиографический указатель _v№ 1181. Продолж. б/у № 11456 |
|
| 461 | 0 |
_1001rc\3400410 _12001#$aРасчет, проектирование, строительство и эксплуатация железобетонных и металлических резервуаров для воды и жидких продуктов$eОтеч. и иностр. литература...$v... за 1972-1974 (1 полугодие) гг. _99784304 _cМосква _d1974- _nБ. и. _oОтеч. и иностр. литература... _tРасчет, проектирование, строительство и эксплуатация железобетонных и металлических резервуаров для воды и жидких продуктов _v... за 1972-1974 (1 полугодие) гг. |
|
| 702 | 1 |
_aМуханова _bР.Т. _4220 _4340 |
|
| 801 | 0 |
_aRU _bNLR _gpsbo |
|
| 801 | 1 |
_aRU _bELAR _2rusmarc |
|
| 852 |
_aNLR _jС301-410/Р24 |
||
| 942 | _cBOOK | ||
| 980 | _aNB | ||